00631nam a2200109 4500040000800000082002700008100005500035245035600090260002600446300002600472856002300498 cRUA aAED CHH 2018 B466 Or.1 aCHHOEUN BONTHOEUN ,ឈឿន ប៊ុនធឿន athe study on economic efficiency of rainy season in lbuek commune, chhouk district, kampot province,ការសិក្សាអំពីប្រសិទ្ធភាពសេដ្ឋកិច្ចនៃដំណាំស្រូវវស្សានៅក្នុងឃុំល្បើក ស្រុកឈូក ខេត្តកំពត aRUAbphnom penhc2018 axi;60p;blill;c29cm; u CHHOEUN BONTHOEUN